ATP Year-End Rankings 2025 Top 50 - Statistics

General Stats
  • This quiz has been taken 107 times
  • The average score is 31 of 50
Answer Stats
Rank Player % Correct
2 Jannik Sinner
100%
1 Carlos Alcaraz
99%
3 Alexander Zverev
97%
4 Novak Djokovic
95%
6 Taylor Fritz
93%
13 Daniil Medvedev
91%
8 Lorenzo Musetti
91%
9 Ben Shelton
85%
12 Casper Ruud
84%
5 Felix Auger-Aliassime
84%
11 Alexander Bublik
82%
7 Alex de Minaur
82%
16 Andrey Rublev
80%
10 Jack Draper
78%
30 Frances Tiafoe
74%
22 Flavio Cobolli
73%
15 Holger Rune
73%
39 Arthur Fils
72%
19 Jakub Mensik
72%
24 Joao Fonseca
72%
20 Tommy Paul
70%
14 Alejandro Davidovich Fokina
65%
36 Stefanos Tsitsipas
65%
31 Valentin Vacherot
65%
28 Learner Tien
64%
18 Jiri Lehecka
61%
17 Karen Khachanov
61%
21 Francisco Cerundolo
59%
25 Luciano Darderi
58%
32 Tomas Machac
55%
29 Arthur Rinderknech
53%
44 Grigor Dimitrov
53%
26 Tallon Griekspoor
53%
37 Ugo Humbert
50%
33 Jaume Munar
49%
40 Lorenzo Sonego
49%
27 Cameron Norrie
47%
23 Denis Shapovalov
46%
45 Sebastian Baez
46%
34 Corentin Moutet
43%
48 Sebastian Korda
43%
35 Brandon Nakashima
38%
38 Alex Michelsen
36%
42 Zizou Bergs
36%
46 Daniel Altmaier
34%
47 Nuno Borges
32%
50 Jenson Brooksby
30%
41 Gabriel Diallo
28%
43 Alexandre Muller
23%
49 Camilo Ugo Carabelli
19%
No matching quizzes found
Score Distribution
Percent of People with Each Score
Percentile by Number Answered
Your Score History
You have not taken this quiz